| 000 | 00974nam a22002897a 4500 | ||
|---|---|---|---|
| 001 | 7064 | ||
| 003 | FISKH | ||
| 005 | 20250619153056.0 | ||
| 008 | 250619b cb ||||| |||| 00| 0 eng d | ||
| 020 | _a9780340944950 | ||
| 040 |
_aFISKH _beng _cFISKH _dFISKH |
||
| 050 | _aPZ7.A448 S | ||
| 082 | _a823.914 | ||
| 100 |
_aAlmond, David _d(1951-) |
||
| 245 |
_aSkellig : _bWinner of the carnegie medal / _cDavid Almond / |
||
| 250 | _aThis edition first published in 2013 | ||
| 260 |
_aLondon : _bHodder, _c1998 |
||
| 300 |
_a170 pages : _c20 cm |
||
| 505 | _aJ | ||
| 520 | _aUnhappy about his baby sister's illness and the chaos of moving into a dilapidated old house, Michael retreats to the garage and finds a mysterious stranger who is something like a bird and something like an angel. | ||
| 521 | 8 |
_a490
_bLexile |
|
| 521 | 8 |
_aJ
_bRaz-Plus |
|
| 650 |
_2Angel _aMagical realism |
||
| 650 |
_2Fantasy _aFriendship |
||
| 942 |
_2ddc _cBK _n0 |
||
| 999 |
_c7064 _d7064 |
||